[Event "London CSC 5-Day U2050 op 10th"]
[Site "London"]
[Date "2018.12.09"]
[Round "1"]
[White "Xaxiris, Evangelos"]
[Black "Brown, David1111"]
[Result "1-0"]
[WhiteElo "1995"]
[BlackElo "1756"]
[PlyCount "53"]
[EventDate "2018.12.09"]
[EventType "swiss"]
[EventRounds "5"]
[EventCountry "ENG"]
[SourceTitle "EXT 2020"]
[Source "ChessBase"]
[SourceDate "2019.10.17"]
[SourceVersion "1"]
[SourceVersionDate "2019.10.17"]
[SourceQuality "1"]

1. d4 Nf6 2. c4 g6 3. Nc3 d5 4. Nf3 Bg7 5. Qb3 dxc4 6. Qxc4 Nbd7 7. Bf4 c6 8. e4 Nb6 9. Qd3 0-0 10. Be2 Be6 11. b3 Qd7 12. 0-0 Rad8 13. Rfd1 Nh5 14. Be3 Bg4 15. Rac1 Bxf3 16. Bxf3 Nf6 17. Qe2 Ne8 18. d5 Bxc3 19. Rxc3 e5 20. a4 Nc8 21. Qc2 Ned6 22. dxc6 bxc6 23. Rxc6 f5 24. Bg5 Rde8 25. h3 f4 26. Rc7 Qe6 27. Bg4 1-0

[Event "London Classic op 7th"]
[Site "London"]
[Date "2015.12.11"]
[Round "9"]
[White "Misyura, Ilya"]
[Black "Xaxiris, Evangelos"]
[Result "0-1"]
[WhiteElo "1789"]
[BlackElo "1975"]
[PlyCount "96"]
[EventDate "2015.12.04"]
[EventType "swiss"]
[EventRounds "9"]
[EventCountry "ENG"]
[SourceTitle "CBM 169 Extra"]
[Source "ChessBase"]
[SourceDate "2015.12.18"]
[SourceVersion "1"]
[SourceVersionDate "2015.12.18"]
[SourceQuality "1"]

1. d4 f5 2. c4 Nf6 3. Nc3 g6 4. f3 d6 5. d5 e5 6. dxe6 Bxe6 7. e4 Bg7 8. c5 0-0 9. cxd6 fxe4 10. Nb5 Na6 11. dxc7 Qxd1+ 12. Kxd1 Rac8 13. Bf4 Ne8 14. Bg5 Naxc7 15. Rc1 Rf5 16. Nxc7 Rxg5 17. f4 Bg4+ 18. Kd2 Rd8+ 19. Ke1 Ra5 20. Nxe8 Rxe8 21. Rc7 Bxb2 22. Bc4+ Kh8 23. Rxb7 Bc3+ 24. Kf2 e3+ 25. Kg3 Bc8 26. Rc7 Be1+ 27. Kf3 h5 28. h3 g5 29. g4 gxf4 30. Ne2 Bf2 31. Nxf4 Rf8 32. Ke4 Rg5 33. Rb1 Bg3 34. Rf1 Bxf4 35. Rxf4 Re8+ 36. Kd3 hxg4 37. hxg4 Bxg4 38. Rff7 Bf5+ 39. Ke2 Rg2+ 40. Kd1 Rb8 41. Bb3 Bd3 42. Kc1 Rg1+ 43. Kb2 e2 44. Rf3 Rxb3+ 45. axb3 e1Q 46. Rh3+ Kg8 47. Rc8+ Kg7 48. Rc7+ Kg6 0-1

[Event "London Classic op 7th"]
[Site "London"]
[Date "2015.12.10"]
[Round "8"]
[White "Xaxiris, Evangelos"]
[Black "Serntedakis, Athanasios"]
[Result "0-1"]
[WhiteElo "1975"]
[BlackElo "2091"]
[PlyCount "110"]
[EventDate "2015.12.04"]
[EventType "swiss"]
[EventRounds "9"]
[EventCountry "ENG"]
[SourceTitle "CBM 169 Extra"]
[Source "ChessBase"]
[SourceDate "2015.12.18"]
[SourceVersion "1"]
[SourceVersionDate "2015.12.18"]
[SourceQuality "1"]

1. d4 Nf6 2. c4 e6 3. Nc3 Bb4 4. Qc2 d5 5. Nf3 c5 6. e3 0-0 7. a3 Bxc3+ 8. bxc3 b6 9. cxd5 exd5 10. Bd3 c4 11. Bf5 Bxf5 12. Qxf5 Ne4 13. Ne5 Qf6 14. Qxf6 gxf6 15. Ng4 h5 16. f3 hxg4 17. fxe4 dxe4 18. Rf1 Kg7 19. Rf4 f5 20. Rxf5 Kg6 21. Re5 f5 22. Re6+ Kf7 23. Re5 Kf6 24. Kf2 a6 25. Rd5 Ke6 26. Re5+ Kf6 27. Rd5 Ke6 28. Re5+ Kd7 29. Rd5+ Kc6 30. Re5 Nd7 31. Re6+ Kd5 32. Rg6 Rg8 33. Rxg8 Rxg8 34. Rb1 b5 35. a4 g3+ 36. hxg3 bxa4 37. Rb4 a5 38. Rb5+ Kc6 39. Rxa5 Nb6 40. Rc5+ Kb7 41. Rxf5 Rh8 42. Ba3 Rd8 43. g4 Nd5 44. Bb4 Kc6 45. Re5 Rb8 46. Re6+ Kc7 47. Bd6+ Kd7 48. Rh6 Rb6 49. g5 Rxd6 50. Rh1 a3 51. g4 a2 52. Kg3 Ra6 53. Ra1 Nxe3 54. g6 Ke7 55. Re1 a1Q 0-1

[Event "London Classic op 7th"]
[Site "London"]
[Date "2015.12.07"]
[Round "5"]
[White "Xaxiris, Evangelos"]
[Black "Mulay, Partha"]
[Result "1-0"]
[WhiteElo "1975"]
[BlackElo "1780"]
[PlyCount "73"]
[EventDate "2015.12.04"]
[EventType "swiss"]
[EventRounds "9"]
[EventCountry "ENG"]
[SourceTitle "CBM 169 Extra"]
[Source "ChessBase"]
[SourceDate "2015.12.18"]
[SourceVersion "1"]
[SourceVersionDate "2015.12.18"]
[SourceQuality "1"]

1. d4 Nf6 2. c4 g6 3. Nc3 Bg7 4. e4 d6 5. f3 0-0 6. Bg5 Nc6 7. Qd2 e5 8. d5 Nd4 9. Nge2 h6 10. Be3 Nxe2 11. Bxe2 Kh7 12. 0-0-0 a6 13. Kb1 Bd7 14. c5 Qe7 15. b4 Rfc8 16. Rc1 Qe8 17. g4 Bf8 18. cxd6 cxd6 19. h4 Bb5 20. Kb2 Bxe2 21. Qxe2 b5 22. Qd2 Nd7 23. h5 g5 24. Ne2 Qd8 25. Rc6 Rxc6 26. dxc6 Nb6 27. Bxb6 Qxb6 28. Rc1 Rc8 29. Qc3 Rc7 30. Kb3 Bg7 31. Ng3 Bf8 32. Nf5 Qa7 33. Ne3 Rc8 34. Nd5 f5 35. exf5 Qf7 36. Qd3 Bg7 37. f6+ 1-0

[Event "Nikaia Fysiolatriko op A"]
[Site "Nikaia"]
[Date "2015.06.21"]
[Round "5"]
[White "Beliotis, Georgios"]
[Black "Xaxiris, Evangelos"]
[Result "1-0"]
[WhiteElo "1785"]
[BlackElo "1965"]
[PlyCount "73"]
[EventDate "2015.06.16"]
[EventType "swiss"]
[EventRounds "9"]
[EventCountry "GRE"]
[SourceTitle "EXT 2024"]
[Source "ChessBase"]
[SourceDate "2023.10.10"]
[SourceVersion "1"]
[SourceVersionDate "2023.10.10"]
[SourceQuality "1"]

1. e4 c6 2. d4 d5 3. Nc3 dxe4 4. Nxe4 g6 5. Nf3 Bg7 6. Bc4 Nf6 7. Nxf6+ exf6 8. 0-0 0-0 9. c3 a5 10. a4 Na6 11. Bf4 Nc7 12. h3 Nd5 13. Bh2 Be6 14. Qb3 Qd7 15. Ne1 b6 16. Nd3 Qd8 17. Nf4 Nxf4 18. Bxf4 Bxc4 19. Qxc4 Qd7 20. Rad1 Rfc8 21. Rfe1 Bf8 22. Re3 b5 23. axb5 cxb5 24. Qd3 Qd5 25. Qe4 Qb3 26. Rd2 a4 27. d5 Bc5 28. Ree2 a3 29. bxa3 Ra4 30. Qf3 Bb6 31. Bh6 f5 32. d6 Qb1+ 33. Kh2 Re4 34. d7 Bc7+ 35. g3 Ra8 36. Rxe4 Qxe4 37. Re2 1-0

[Event "Neos Marmaras op 4th"]
[Site "Neos Marmaras"]
[Date "2012.04.22"]
[Round "9"]
[White "Grapsa, Georgia"]
[Black "Xaxiris, Evangelos"]
[Result "1-0"]
[WhiteElo "2018"]
[BlackElo "2062"]
[PlyCount "89"]
[EventDate "2012.04.16"]
[EventType "swiss"]
[EventRounds "9"]
[EventCountry "GRE"]
[SourceTitle "CBM 148 Extra"]
[Source "ChessBase"]
[SourceDate "2012.06.22"]
[SourceVersion "1"]
[SourceVersionDate "2012.06.22"]
[SourceQuality "1"]

1. d4 f5 2. g3 Nf6 3. Bg2 g6 4. c4 Bg7 5. Nc3 0-0 6. Nh3 d6 7. d5 a5 8. Nf4 Na6 9. 0-0 Qe8 10. Rb1 Bd7 11. b3 Nc5 12. Be3 b6 13. Bd4 g5 14. Ne6 Bxe6 15. dxe6 c6 16. Bxc5 bxc5 17. f4 Ng4 18. Qd3 Bd4+ 19. Kh1 Nxh2 20. Bxc6 Qh5 21. Kg2 g4 22. e3 Bxc3 23. Rh1 Qh3+ 24. Kf2 Bg7 25. Bxa8 Rxa8 26. Qd1 Qh6 27. Qd5 Rf8 28. Qg2 Qxe6 29. Rxh2 Qf6 30. Qd5+ Kh8 31. Rd1 Qc3 32. Rd3 Qa1 33. Rd2 Bc3 34. Rh1 Qxh1 35. Qxh1 Bxd2 36. Qa1+ Kg8 37. Ke2 Bb4 38. a3 Rf6 39. axb4 axb4 40. Qa8+ Kg7 41. Qe8 Rf7 42. e4 fxe4 43. Ke3 h5 44. Kxe4 h4 45. Qd7 1-0

[Event "Neos Marmaras op 4th"]
[Site "Neos Marmaras"]
[Date "2012.04.19"]
[Round "5"]
[White "Xaxiris, Evangelos"]
[Black "Ladopoulos, Dimitrios"]
[Result "1/2-1/2"]
[WhiteElo "2062"]
[BlackElo "1968"]
[PlyCount "95"]
[EventDate "2012.04.16"]
[EventType "swiss"]
[EventRounds "9"]
[EventCountry "GRE"]
[SourceTitle "CBM 148 Extra"]
[Source "ChessBase"]
[SourceDate "2012.06.22"]
[SourceVersion "1"]
[SourceVersionDate "2012.06.22"]
[SourceQuality "1"]

1. d4 Nf6 2. c4 g6 3. Nc3 Bg7 4. e4 d6 5. f3 0-0 6. Bg5 h6 7. Be3 c5 8. d5 e6 9. Qd2 exd5 10. cxd5 Nbd7 11. Nh3 Ne5 12. Nf2 h5 13. Be2 a6 14. a4 Nh7 15. 0-0 f5 16. f4 Ng4 17. Nxg4 hxg4 18. e5 dxe5 19. Bxc5 e4 20. a5 Bd7 21. Rfd1 Rf7 22. Bb6 Qf6 23. d6 Rc8 24. Bc7 Be6 25. Nd5 Qxb2 26. Qxb2 Bxb2 27. Rab1 Bf6 28. Rxb7 Bd8 29. Nb6 Rcxc7 30. dxc7 Bxc7 31. g3 Bxf4 32. Rxf7 Be3+ 33. Kf1 Kxf7 34. Bxa6 Ke7 35. Bc4 Bxb6 36. Bxe6 Bxa5 37. Rd7+ Kxe6 38. Rxh7 g5 39. Ke2 Bb4 40. Rb7 Bd6 41. Rb5 Ba3 42. Ke3 Bc1+ 43. Kd4 e3 44. Rb6+ Kf7 45. Rb1 Bd2 46. Ke5 f4 47. gxf4 e2 48. Kf5 1/2-1/2

[Event "GRE-chT 39th"]
[Site "Eretria"]
[Date "2011.07.08"]
[Round "7.13"]
[White "Xaxiris, Evangelos"]
[Black "Dimitriadis, Theodoros"]
[Result "1-0"]
[WhiteElo "2080"]
[BlackElo "1922"]
[PlyCount "55"]
[EventDate "2011.07.03"]
[EventType "team-swiss"]
[EventRounds "7"]
[EventCountry "GRE"]
[SourceTitle "CBM 143 Extra"]
[Source "ChessBase"]
[SourceDate "2011.08.29"]
[SourceVersion "1"]
[SourceVersionDate "2011.08.29"]
[SourceQuality "1"]
[WhiteTeam "Glyfadas Zenon"]
[BlackTeam "Gazi Chess Academy"]
[WhiteTeamCountry "GRE"]
[BlackTeamCountry "GRE"]

1. d4 d5 2. c4 e6 3. Nc3 Nf6 4. Nf3 Be7 5. e3 0-0 6. Bd3 dxc4 7. Bxc4 c5 8. 0-0 Nc6 9. a3 b6 10. dxc5 Bxc5 11. b4 Bd6 12. Nb5 Bb8 13. Bb2 a6 14. Nbd4 Ne5 15. Nxe5 Bxe5 16. f4 Bc7 17. Qf3 Rb8 18. Nc6 Bb7 19. Rad1 Qe8 20. b5 Bxc6 21. bxc6 b5 22. Bd3 e5 23. Bf5 e4 24. Qh3 Qxc6 25. Bxf6 g6 26. Qh4 Bb6 27. Bxe4 Bxe3+ 28. Kh1 1-0

[Event "Nikaia op 17th"]
[Site "Nikaia"]
[Date "2009.08.24"]
[Round "4"]
[White "Xaxiris, Evangelos"]
[Black "Gogolis, Alexandros"]
[Result "0-1"]
[WhiteElo "2035"]
[BlackElo "2275"]
[PlyCount "56"]
[EventDate "2009.08.22"]
[EventType "swiss"]
[EventRounds "9"]
[EventCountry "GRE"]
[SourceTitle "CBM 132 Extra"]
[Source "ChessBase"]
[SourceDate "2009.11.03"]
[SourceVersion "1"]
[SourceVersionDate "2009.11.03"]
[SourceQuality "1"]

1. d4 Nf6 2. c4 g6 3. Nc3 Bg7 4. e4 d6 5. f3 0-0 6. Bg5 c5 7. d5 e6 8. Qd2 exd5 9. cxd5 Bd7 10. a4 Na6 11. Bxa6 bxa6 12. Qd3 Rb8 13. Bf4 Qc7 14. Qxa6 Rb6 15. Qd3 Rxb2 16. Nge2 Nh5 17. Bc1 Rb3 18. 0-0 f5 19. Rb1 c4 20. Qc2 Qb6+ 21. Kh1 Rxb1 22. Nxb1 fxe4 23. Nd2 exf3 24. gxf3 Bh3 25. Rg1 Qf2 26. Qxc4 Be5 27. f4 Nxf4 28. Ng3 Bg2+ 0-1

[Event "Glyfada Christmas op"]
[Site "Glyfada"]
[Date "2007.12.26"]
[Round "4"]
[White "Xaxiris, Evangelos"]
[Black "Petropoulos, Filaretos"]
[Result "1-0"]
[WhiteElo "1937"]
[BlackElo "1664"]
[PlyCount "50"]
[EventDate "2007.12.21"]
[EventType "swiss"]
[EventRounds "7"]
[EventCountry "GRE"]
[SourceTitle "EXT 2024"]
[Source "ChessBase"]
[SourceDate "2023.10.10"]
[SourceVersion "1"]
[SourceVersionDate "2023.10.10"]
[SourceQuality "1"]

1. d4 d5 2. c4 c6 3. Nf3 Nf6 4. Nc3 e6 5. e3 Nbd7 6. Qc2 Bd6 7. g4 Bb4 8. Rg1 Qe7 9. Bd2 Bxc3 10. Bxc3 Ne4 11. Bd3 Nxc3 12. Qxc3 0-0 13. 0-0-0 dxc4 14. Qxc4 e5 15. Qc2 g6 16. g5 Re8 17. Nd2 exd4 18. exd4 Nb6 19. Ne4 Nd5 20. Rde1 Qb4 21. Qc4 Qf8 22. Qxd5 cxd5 23. Nf6+ Kg7 24. Rxe8 Qxe8 25. Nxe8+ Kf8 1-0

[Event "Glyfada Christmas op"]
[Site "Glyfada"]
[Date "2007.12.22"]
[Round "2"]
[White "Xaxiris, Evangelos"]
[Black "Managadze, Nikoloz"]
[Result "0-1"]
[WhiteElo "1937"]
[BlackElo "2428"]
[PlyCount "112"]
[EventDate "2007.12.21"]
[EventType "swiss"]
[EventRounds "7"]
[EventCountry "GRE"]
[SourceTitle "EXT 2024"]
[Source "ChessBase"]
[SourceDate "2023.10.10"]
[SourceVersion "1"]
[SourceVersionDate "2023.10.10"]
[SourceQuality "1"]

1. d4 Nf6 2. c4 e6 3. Nc3 d5 4. cxd5 exd5 5. Bg5 c6 6. Qc2 Be7 7. e3 Nbd7 8. Bd3 0-0 9. Nge2 h6 10. Bh4 c5 11. 0-0 cxd4 12. Nxd4 Ne5 13. Nf5 Bxf5 14. Bxf5 Qa5 15. Bg3 Nc4 16. Rfd1 Rfd8 17. Ne2 Nh5 18. Nd4 Nxg3 19. hxg3 Qb6 20. b3 Ne5 21. Qe2 g6 22. Bd3 h5 23. Rac1 a6 24. Bb1 Ba3 25. Rc2 Rd7 26. Nf3 Nc6 27. Rcd2 Rad8 28. Rd3 Bf8 29. Nd4 Ne5 30. Rc3 Bb4 31. Rc2 Re7 32. Rdc1 Ba3 33. Rd1 Ng4 34. Qf3 Bc5 35. Rcd2 Bb4 36. Rc2 Kg7 37. Qf4 Bd6 38. Qf3 Bb4 39. Qf4 Rd6 40. Qg5 Re5 41. Qh4 Rf6 42. Re2 Be7 43. Qh3 Bc5 44. Nf3 Re8 45. Qh4 d4 46. e4 d3 47. Bxd3 Nxf2 48. Rxf2 Bxf2+ 49. Kh2 Qe3 50. e5 Rxe5 51. Nxe5 Qxe5 52. Rf1 Qe3 53. Qe4 Bxg3+ 54. Kh3 Qxe4 55. Bxe4 Rxf1 56. Kxg3 b5 0-1

[Event "Nikaia op 15th"]
[Site "Nikaia"]
[Date "2007.08.28"]
[Round "7"]
[White "Xaxiris, Evangelos"]
[Black "Tsomis, Dimitrios"]
[Result "0-1"]
[WhiteElo "1922"]
[BlackElo "2201"]
[PlyCount "120"]
[EventDate "2007.08.23"]
[EventType "swiss"]
[EventRounds "9"]
[EventCountry "GRE"]
[SourceTitle "CBM 120 Extra"]
[Source "ChessBase"]
[SourceDate "2007.11.01"]
[SourceVersion "1"]
[SourceVersionDate "2007.11.01"]
[SourceQuality "1"]

1. d4 Nf6 2. c4 g6 3. Nc3 Bg7 4. e4 d6 5. f3 0-0 6. Bg5 Nbd7 7. Qd2 c6 8. Nge2 a6 9. g4 c5 10. Bh6 cxd4 11. Nxd4 e5 12. Bxg7 exd4 13. Bxf6 Qxf6 14. Nd5 Qh4+ 15. Qf2 Qxf2+ 16. Kxf2 Nc5 17. Rd1 Ne6 18. g5 Nxg5 19. Rxd4 f5 20. exf5 Bxf5 21. h4 Ne4+ 22. Kg2 Nc5 23. Ne7+ Kg7 24. Nxf5+ Rxf5 25. Rxd6 Re8 26. b4 Ne6 27. Rd7+ Kh6 28. Rxb7 Nd4 29. Rh3 Re3 30. c5 Nxf3 31. Bxa6 Ne1+ 32. Kh2 Rf2+ 33. Kg1 Rg2+ 34. Kf1 Rxh3 35. Kxe1 Rh1+ 36. Bf1 Rxa2 37. Rf7 Rxh4 38. b5 Rb4 39. Rd7 Re4+ 40. Kd1 Ra1+ 41. Kd2 Rxf1 42. b6 Rb1 43. b7 Rc4 44. Rc7 Rxc5 45. Rxc5 Rxb7 46. Ke3 Rf7 47. Rc1 g5 48. Rc6+ Kh5 49. Rc1 g4 50. Rh1+ Kg5 51. Rg1 h5 52. Ra1 h4 53. Ra8 h3 54. Rh8 Rf3+ 55. Ke4 Rf1 56. Ke3 Rf6 57. Rh7 Rh6 58. Rg7+ Kh4 59. Kf2 Rf6+ 60. Kg1 Kg3 0-1

[Event "Athens Glyfada op"]
[Site "Athens"]
[Date "2006.12.26"]
[Round "3"]
[White "Xaxiris, Evangelos"]
[Black "Delithanasis, Dimitrios"]
[Result "0-1"]
[WhiteElo "1916"]
[BlackElo "2208"]
[PlyCount "106"]
[EventDate "2006.12.22"]
[EventType "swiss"]
[EventRounds "7"]
[EventCountry "GRE"]
[SourceTitle "EXT 2024"]
[Source "ChessBase"]
[SourceDate "2023.10.10"]
[SourceVersion "1"]
[SourceVersionDate "2023.10.10"]
[SourceQuality "1"]

1. d4 Nf6 2. c4 e6 3. Nf3 Bb4+ 4. Bd2 Qe7 5. Qc2 Bxd2+ 6. Nbxd2 d6 7. e3 e5 8. d5 0-0 9. h3 c6 10. dxc6 Nxc6 11. Qc3 Bf5 12. Be2 d5 13. cxd5 Nxd5 14. Qb3 Be6 15. 0-0 Nf4 16. Qd1 Nxe2+ 17. Qxe2 Qb4 18. a3 Qxb2 19. Rfb1 Qc2 20. Ne1 Qg6 21. Rxb7 Bc8 22. Rb3 Bxh3 23. Rc3 Bd7 24. Nb3 Rfd8 25. Nc5 Be8 26. Ned3 Rd5 27. Nb3 Rad8 28. Ndc5 h5 29. Rac1 Qg4 30. f3 Qc8 31. Qc2 Qb8 32. Rb1 Qb6 33. Nd4 Nxd4 34. exd4 Qh6 35. dxe5 Rxe5 36. Rd1 Qb6 37. Rxd8 Qxd8 38. Ne4 f5 39. Rc8 Qd4+ 40. Nf2 Re1+ 41. Kh2 Qf4+ 42. Kh3 h4 43. Qc4+ Qxc4 44. Rxc4 g5 45. Kh2 Re2 46. Nd1 Bd7 47. Rc7 Be6 48. Rxa7 g4 49. Nc3 gxf3 50. Kg1 Rxg2+ 51. Kh1 Rc2 52. Ra6 Rxc3 53. Rxe6 Rc1+ 0-1

[Event "Ambelokipi op 71st"]
[Site "Athens"]
[Date "2006.09.27"]
[Round "6"]
[White "Xaxiris, Evangelos"]
[Black "Koerant, Filipos"]
[Result "0-1"]
[WhiteElo "1924"]
[BlackElo "2111"]
[PlyCount "138"]
[EventDate "2006.09.09"]
[EventType "swiss"]
[EventRounds "7"]
[EventCountry "GRE"]
[SourceTitle "EXT 2007"]
[Source "ChessBase"]
[SourceDate "2006.11.23"]
[SourceVersion "1"]
[SourceVersionDate "2006.11.23"]
[SourceQuality "1"]

1. d4 Nf6 2. c4 e6 3. Nf3 Bb4+ 4. Bd2 Qe7 5. Qc2 b6 6. e4 Bb7 7. Bd3 Bxd2+ 8. Nbxd2 d6 9. 0-0 e5 10. Qc3 Nbd7 11. Rfe1 0-0 12. Bc2 g6 13. Rad1 Rfe8 14. a3 Nh5 15. Ba4 c6 16. b4 a5 17. Bc2 axb4 18. axb4 c5 19. bxc5 bxc5 20. d5 Nf8 21. Ra1 Reb8 22. Nb3 Nf4 23. Na5 Qc7 24. Nd2 Bc8 25. Nc6 Rxa1 26. Qxa1 Rb6 27. Nb3 Qd7 28. Re3 Bb7 29. Nba5 Ra6 30. g3 Nh3+ 31. Kg2 Ng5 32. h4 Bxc6 33. dxc6 Qc7 34. hxg5 Rxa5 35. Qd1 Qxc6 36. Qd5 Ra6 37. Qxc6 Rxc6 38. f4 Ne6 39. Rf3 Rb6 40. Bd3 Rb3 41. Bf1 Rb2+ 42. Kh3 Kg7 43. Kg4 Nd4 44. Ra3 Rf2 45. Bd3 h5+ 46. gxh6+ Kxh6 47. Ra7 Rf3 48. Bc2 Rc3 49. Bd1 Kg7 50. Rd7 Re3 51. Ba4 Ra3 52. Bb5 Ne2 53. Rxd6 Rxg3+ 54. Kh4 exf4 55. Bd7 Nd4 56. Bg4 f6 57. Rd8 Rd3 58. Rc8 Rd2 59. Kh3 f3 60. Rxc5 Rd1 61. Kh2 f2 62. Bh3 f1Q 63. Rc7+ Kh6 64. Bxf1 Rxf1 65. Rd7 Rd1 66. Kg2 Kg5 67. c5 Kf4 68. c6 Rd2+ 69. Kf1 Kxe4 0-1

[Event "Nikaia op 14th"]
[Site "Nikaia"]
[Date "2006.08.??"]
[Round "6"]
[White "Xaxiris, Evangelos"]
[Black "Balaskas, Panayotis"]
[Result "0-1"]
[WhiteElo "1924"]
[BlackElo "2146"]
[PlyCount "92"]
[EventDate "2006.08.??"]
[EventType "swiss"]
[EventRounds "9"]
[EventCountry "GRE"]
[SourceTitle "EXT 2008"]
[Source "ChessBase"]
[SourceDate "2007.11.25"]
[SourceVersion "1"]
[SourceVersionDate "2007.11.25"]
[SourceQuality "1"]

1. d4 Nf6 2. c4 e6 3. Nf3 b6 4. g3 Bb7 5. Bg2 c5 6. e3 g5 7. 0-0 g4 8. Nh4 Bxg2 9. Nxg2 h5 10. Nc3 Nc6 11. Nf4 Bd6 12. dxc5 Bxf4 13. exf4 bxc5 14. Be3 d6 15. Qa4 Rc8 16. Rfd1 Qa5 17. Rxd6 Qxa4 18. Nxa4 Ne4 19. Rd3 Nb4 20. Rb3 Nc2 21. Rd1 h4 22. f5 hxg3 23. hxg3 exf5 24. Rd5 Ne1 25. Bxc5 Nf3+ 26. Rxf3 gxf3 27. Rxf5 f6 28. b4 Ng5 29. Rxf6 Rd8 30. Bd6 Nh3+ 31. Kf1 Nf4 32. Ke1 Nd3+ 33. Kd2 Nxf2 34. Nc5 Ng4 35. Re6+ Kf7 36. Re7+ Kg6 37. Ne4 Rhe8 38. Rxe8 Rxe8 39. Kd3 Rxe4 40. Kxe4 f2 41. Kd5 f1Q 42. Bc5 Qg2+ 43. Kd6 Qxg3+ 44. Kc6 Ne5+ 45. Kd5 Kf5 46. Bxa7 Qd3+ 0-1

[Event "Foivitika op"]
[Site "Foivitika"]
[Date "2005.??.??"]
[Round "6"]
[White "Xaxiris, Evangelos"]
[Black "Sklavounos, Panayotis"]
[Result "1-0"]
[WhiteElo "1855"]
[BlackElo "2050"]
[PlyCount "29"]
[EventDate "2005.??.??"]
[EventType "swiss"]
[EventRounds "7"]
[EventCountry "GRE"]
[SourceTitle "EXT 2007"]
[Source "ChessBase"]
[SourceDate "2006.11.23"]
[SourceVersion "1"]
[SourceVersionDate "2006.11.23"]
[SourceQuality "1"]

1. d4 Nf6 2. c4 c5 3. d5 b5 4. cxb5 a6 5. e4 Nxe4 6. Qc2 Nd6 7. Qxc5 axb5 8. Bxb5 Qa5+ 9. Nc3 Bb7 10. b4 Qd8 11. Bf4 Nxb5 12. Nxb5 Na6 13. Qe3 d6 14. Nxd6+ Kd7 15. Nxf7 1-0